La aventura

Salvato in:
Dettagli Bibliografici
Autore principale: Antonioni, Michelangelo (Autore)
Natura: Libro
Lingua:spagnolo
Pubblicazione: Barcelona Aymá 1964
Serie:Colección Voz Imagen. Serie Cine, 5
Soggetti:
Tags: Aggiungi Tag
Nessun Tag, puoi essere il primo ad aggiungerne!!

MARC

LEADER 00000cam a2200000 a 4500
001 UCU9589
003 CL-VaPUC
008 960823e19640000SP |||||||||||||||||spa|d
082 0 4 |a 791.437  |b ANT  |2 21 
100 0 |a Antonioni, Michelangelo  |e author  |9 266440 
245 1 3 |a La aventura 
300 |a 185 p 
942 |c BK 
945 |d 19960823 00:00:00  |a nastorga 
260 |a Barcelona  |b Aymá  |c 1964 
650 0 |a Cine  |9 225706 
650 7 |a GUIONES DE PELICULAS  |2 CL-VaPUC  |9 368829 
650 7 |a GUIONISTAS  |2 CL-VaPUC  |9 368830 
650 0 |a Actores de cine  |9 356708 
650 7 |a FILMACION  |2 CL-VaPUC  |9 336722 
650 0 |a Cinematografía  |9 265198 
583 |a last modification  |c 20190402 09:45:38  |k Rodrigo Vera 
490 0 |a Colección Voz Imagen. Serie Cine, 5 
999 |c 251302  |d 251300 
952 |0 0  |1 0  |3 erb  |4 0  |6 791_437000000000000_ANT_1964  |7 0  |8 A  |9 270371  |a BIBART  |b BIBART  |i 5475619  |o 791.437 ANT 1964  |p 5475619  |r 2025-03-13  |w 2019-11-19  |y BK  |z Catalogado en:20180615  |k ART